Volver a pensar la educación (Vol. II): prácticas y discursos educativos (Congreso Internacional de Didáctica)

Volver a pensar la educación quiere ser la expresión de una necesidad imperiosa para todas aquellas personas relacionadas de distinta forma con las ideas y prácticas educativas que se sienten inseguras en un mundo cambiante.

Guardat en:
Dades bibliogràfiques
Altres autors: Álvarez Méndez, Juan Manuel
Format: Llibre
Idioma:Spanish
Publicat: Madrid: Editorial Morata, 1995
Col·lecció:Colección pedagogía
Matèries:
Accés en línia:Enlace del recurso
Etiquetes: Afegir etiqueta
Sense etiquetes, Sigues el primer a etiquetar aquest registre!

MARC

LEADER 00000nam a2200000 a 4500
001 001105
008 030611s1995 sp # fr# #000|0#spa#d
020 |a 84-7112-404-1 
041 0 |a spa 
043 |a e-sp--- 
082 0 4 |a 370.13  |b V548v 
245 0 0 |a Volver a pensar la educación (Vol. II):  |b prácticas y discursos educativos (Congreso Internacional de Didáctica)  |c Juan Manuel Álvarez Méndez ... [et al.] 
260 |a Madrid:  |b Editorial Morata,  |c 1995 
300 |a 406 p. 
440 0 |a Colección pedagogía 
504 |a Incluye bilbiografía al final de cada artículo 
520 3 |a Volver a pensar la educación quiere ser la expresión de una necesidad imperiosa para todas aquellas personas relacionadas de distinta forma con las ideas y prácticas educativas que se sienten inseguras en un mundo cambiante. 
650 1 4 |a PEDAGOGÍA 
650 1 4 |a PERSONAL DOCENTE 
700 1 |a Álvarez Méndez, Juan Manuel 
999 |c 3257  |d 3257 
856 |u https://catalogo.idep.edu.co/cgi-bin/koha/opac-detail.pl?biblionumber=3257  |z Enlace del recurso